Postcode Areas of the North East - Statistics

General Stats
  • This quiz has been taken 5 times
  • The average score is 4 of 8
Answer Stats
Answer % Correct
Durham
100%
Newcastle
80%
Sunderland
80%
Carlisle
40%
Cleveland
40%
Darlington
40%
Dumfries
20%
Galashiels
20%
No matching quizzes found
Score Distribution
Percent of People with Each Score
Percentile by Number Answered
Your Score History
You have not taken this quiz